Okavango. El último paraíso de África.

Gespeichert in:
Bibliographische Detailangaben
1. Verfasser: Lanting, Frans (fotografías, texto)
Weitere Verfasser: Eckstrom, Christine (HerausgeberIn)
Format: Buch
Sprache:Spanisch
Veröffentlicht: Colonia, Alemania: Taschen, 2012.
Schlagworte:
Tags: Tag hinzufügen
Keine Tags, Fügen Sie den ersten Tag hinzu!

MARC

LEADER 00000nam a22000007a 4500
003 CL-VaPUC
005 20250407202436.0
008 250304t2012 ||||| |||| 00| 0 spa d
999 |c 447106  |d 447104 
020 |a 978-3-8365-3418-5 
040 |c Pontificia Universidad Católica de Valparaíso 
082 |2 22  |a 779.3 LAN 2012 
100 |9 896313  |a Lanting, Frans  |e fotografías  |e texto 
245 |a Okavango.  |b El último paraíso de África. 
260 |a Colonia, Alemania:  |b Taschen,  |c 2012. 
300 |a 251 páginas:  |b fotografías. 
500 |a c.1 Instituto Arcos. 08-01-2025 
583 |c 20250304  |k Yessy Sthefany Diaz Vidal 
651 0 |9 256790  |a África  |v Fotografía artística  |x Paisajes, fauna, etc. 
700 |9 896344  |a Eckstrom, Christine  |e editor 
942 |2 ddc  |c BK  |n 0 
952 |0 0  |1 0  |2 ddc  |4 0  |6 779_300000000000000_LAN_2012  |7 0  |8 A  |9 600645  |a BIBINC  |b BIBINC  |d 2025-03-05  |e Instituto Arcos  |i 5665455  |o 779.3 LAN 2012  |p 5665455  |r 2025-03-05  |t 1  |w 2025-03-05  |y BK  |k IFP